<?xml version="1.0" encoding="UTF-8"?><?xml-stylesheet type="text/xsl" href="static/style.xsl"?><OAI-PMH xmlns="http://www.openarchives.org/OAI/2.0/" xmlns:xsi="http://www.w3.org/2001/XMLSchema-instance" xsi:schemaLocation="http://www.openarchives.org/OAI/2.0/ http://www.openarchives.org/OAI/2.0/OAI-PMH.xsd"><responseDate>2026-04-27T03:42:40Z</responseDate><request verb="GetRecord" identifier="oai:repisalud.isciii.es:20.500.12105/8134" metadataPrefix="marc">https://repisalud.isciii.es/rest/oai/request</request><GetRecord><record><header><identifier>oai:repisalud.isciii.es:20.500.12105/8134</identifier><datestamp>2024-09-27T22:07:59Z</datestamp><setSpec>com_20.500.12105_2052</setSpec><setSpec>com_20.500.12105_2051</setSpec><setSpec>col_20.500.12105_19609</setSpec></header><metadata><record xmlns="http://www.loc.gov/MARC21/slim" xmlns:dcterms="http://purl.org/dc/terms/" xmlns:doc="http://www.lyncode.com/xoai" xmlns:xsi="http://www.w3.org/2001/XMLSchema-instance" xsi:schemaLocation="http://www.loc.gov/MARC21/slim http://www.loc.gov/standards/marcxml/schema/MARC21slim.xsd">
   <leader>00925njm 22002777a 4500</leader>
   <datafield ind2=" " ind1=" " tag="042">
      <subfield code="a">dc</subfield>
   </datafield>
   <datafield ind2=" " ind1=" " tag="720">
      <subfield code="a">de la Campa, Adela G</subfield>
      <subfield code="e">author</subfield>
   </datafield>
   <datafield ind2=" " ind1=" " tag="720">
      <subfield code="a">Garcia-Esteban, Maria Teresa</subfield>
      <subfield code="e">author</subfield>
   </datafield>
   <datafield ind2=" " ind1=" " tag="720">
      <subfield code="a">Blaquez, Amparo</subfield>
      <subfield code="e">author</subfield>
   </datafield>
   <datafield ind2=" " ind1=" " tag="260">
      <subfield code="c">2011-07-20</subfield>
   </datafield>
   <datafield ind2=" " ind1=" " tag="520">
      <subfield code="a">Uso de los alcaloides fenantrénicos seconeolitsina y N-metil-seconeolitsina para la fabricación de medicamentos. Más concretamente, se describe el uso de los citados compuestos para fabricar antibióticos, especialmente para el tratamiento de enfermedades producidas por bacterias Gram-positivas, preferiblemente Streptococcus pneumoniae o Staphylococcus aureus. Tiene especial relevancia su aplicación para elaborar medicamentos para el tratamiento de la neumonía.</subfield>
   </datafield>
   <datafield ind2=" " ind1=" " tag="520">
      <subfield code="a">REIVINDICACIONES: 1. Uso de compuestos de fórmula I:&#xd;
&#xd;
(Imagen de detalle en el PDF)&#xd;
&#xd;
donde R1 = H ó CH3,&#xd;
&#xd;
para la fabricación de un medicamento.&#xd;
&#xd;
2. Uso, según la reivindicación 1, en el que R1 = H y el compuesto es seconeolitsina.&#xd;
&#xd;
3. Uso, según la reivindicación 1, en el que R1 = CH3 y el compuesto es N-metil-seconeolitsina.&#xd;
&#xd;
4. Uso, según las reivindicaciones 1-3, en el que el medicamento es un antibiótico.&#xd;
&#xd;
5. Uso, según la reivindicación 4, en el que el antibiótico es efectivo frente a bacterias Gram-positivas.&#xd;
&#xd;
6. Uso, según las reivindicaciones 1-5, en el que dichos medicamentos están diseñados para ser administrados por vía oral.&#xd;
&#xd;
7. Uso, según las reivindicaciones 1-5, en el que dichos medicamentos están diseñados para ser administrados por vía parenteral.&#xd;
&#xd;
8. Uso, según las reivindicaciones 5-7, en el que la bacteria Gram-positiva es Streptococcus pneumoniae y las enfermedades producidas son: neumonía, bronquitis crónica, meningitis, otitis medias o sinusitis.&#xd;
&#xd;
9. Uso según la reivindicación 8, para el tratamiento de la neumonía.&#xd;
&#xd;
10. Uso según la reivindicación 8, para el tratamiento de la bronquitis crónica.&#xd;
&#xd;
11. Uso según la reivindicación 8, para el tratamiento de la meningitis.&#xd;
&#xd;
12. Uso, según la reivindicación 8, para el tratamiento de la otitis media.&#xd;
&#xd;
13. Uso, según la reivindicación 8, para el tratamiento de la sinusitis.&#xd;
&#xd;
14. Uso, según las reivindicaciones 5-7, en el que la bacteria Gram-positiva es Staphylococcus aureus y las enfermedades producidas son: infecciones nosocomiales, infecciones por herida quirúrgica, osteomielitis, artritis séptica, infección cutánea, endocarditis o meningitis.&#xd;
&#xd;
15. Uso, según la reivindicación 14, para el tratamiento de las infecciones nosocomiales.&#xd;
&#xd;
16. Uso, según la reivindicación 14, para el tratamiento de las infecciones por herida quirúrgica.&#xd;
&#xd;
17. Uso, según la reivindicación 14, para el tratamiento de la osteomielitis.&#xd;
&#xd;
18. Uso, según la reivindicación 14, para el tratamiento de la artritis séptica.&#xd;
&#xd;
19. Uso, según la reivindicación 14, para el tratamiento de la infección cutánea.&#xd;
&#xd;
20. Uso, según la reivindicación 14, para el tratamiento de la endocarditis.&#xd;
&#xd;
21. Uso, según la reivindicación 14, para el tratamiento de la meningitis.</subfield>
   </datafield>
   <datafield ind2=" " ind1=" " tag="520">
      <subfield code="a">Cuando una patente se hace internacional, se puede encontrar en el idioma de cada país en que se ha solicitado. En Espacenet se tiene acceso a los documentos en cada idioma.</subfield>
   </datafield>
   <datafield ind1="8" ind2=" " tag="024">
      <subfield code="a">ES2363074 A1</subfield>
   </datafield>
   <datafield ind1="8" ind2=" " tag="024">
      <subfield code="a">http://hdl.handle.net/20.500.12105/8134</subfield>
   </datafield>
   <datafield ind1="8" ind2=" " tag="024">
      <subfield code="a">200931186</subfield>
   </datafield>
   <datafield tag="653" ind2=" " ind1=" ">
      <subfield code="a">seconeolitsina</subfield>
   </datafield>
   <datafield tag="653" ind2=" " ind1=" ">
      <subfield code="a">N-metil-seconeolitsina</subfield>
   </datafield>
   <datafield tag="653" ind2=" " ind1=" ">
      <subfield code="a">alcaloides fenantrénicos</subfield>
   </datafield>
   <datafield tag="653" ind2=" " ind1=" ">
      <subfield code="a">fabricación antibióticos</subfield>
   </datafield>
   <datafield ind2="0" ind1="0" tag="245">
      <subfield code="a">Uso de seconeolitsina y N-metil-seconeolitsina para la fabricación de medicamentos</subfield>
   </datafield>
</record></metadata></record></GetRecord></OAI-PMH>